NCAA FOOTBALL OLD LOGOS - Statistics

General Stats
  • This quiz has been taken 1,255 times
  • The average score is 14 of 20
Answer Stats
Picture Answer % Correct
Duke Blue Devils
92%
Purdue Boilermakers
90%
Baylor Bears
89%
Vanderbilt Commodores
89%
Temple Owls
88%
Florida Gators
83%
UCLA Bruins
79%
Boise State Broncos
75%
Auburn Tigers
72%
Maryland Terrapins
72%
Rutgers Scarlet Knights
72%
Iowa State Cyclones
70%
Wake Forest Demon Deacons
69%
South Carolina Gamecocks
65%
Pittsburgh Panthers
63%
Clemson Tigers
61%
Northwestern Wildcats
56%
Wisconsin Badgers
46%
Fresno State Bulldogs
27%
Arizona Wildcats
23%
No matching quizzes found
Score Distribution
Percent of People with Each Score
Percentile by Number Answered
Your Score History
You have not taken this quiz